The Concise Oxford Dictionary of current English (Record no. 73)

MARC details
000 -LEADER
fixed length control field 005650000a22002050004500
003 - CONTROL NUMBER IDENTIFIER
control field LK-CoMWRAF
005 - DATE AND TIME OF LATEST TRANSACTION
control field 20231213175519.0
008 - FIXED-LENGTH DATA ELEMENTS--GENERAL INFORMATION
fixed length control field 230817t1993 ||||| |||| 00| 0 eng d
020 ## - INTERNATIONAL STANDARD BOOK NUMBER
International Standard Book Number 0195626591
040 ## - CATALOGING SOURCE
Original cataloging agency LK-CoMWRAF
Modifying agency LK-CoMWRAF
Description conventions LK-CoMWRAF
041 ## - LANGUAGE CODE
Language code of text/sound track or separate title English
082 ## - DEWEY DECIMAL CLASSIFICATION NUMBER
Classification number 423
Item number CON
942 ## - ADDED ENTRY ELEMENTS (KOHA)
Koha item type Reference
700 ## - ADDED ENTRY--PERSONAL NAME
Personal name Allen, R.R.
Relator Term editor
245 ## - TITLE STATEMENT
Title The Concise Oxford Dictionary of current English
250 ## - EDITION STATEMENT
Edition statement 8th. ed.
260 ## - PUBLICATION, DISTRIBUTION, ETC. (IMPRINT)
Place of publication, distribution, etc. New Delhi:
Name of publisher, distributor, etc. Oxford University press,
Date of publication, distribution, etc. 1993
300 ## - PHYSICAL DESCRIPTION
Extent xxxiv, 1454 p. ; 25 cm
650 ## - SUBJECT ADDED ENTRY--TOPICAL TERM
Topical term or geographic name as entry element ENGLISH LANGUAGE-Dictionaries.
Holdings
Withdrawn status Lost status Damaged status Not for loan Permanent Location Current Location Date acquired Full call number Barcode Koha item type
        Resource center, Muslim Women's Research And Action Forum Resource center, Muslim Women's Research And Action Forum 2023-08-17 423 CON RAF1675 Books

Copyright © 2023 Muslim Women's Research and Action Forum (MWRAF), No 27/3, Anderson Road, Kalubowila, Dehiwela. Funded by The Asia Fundation